[Event "First Saturday FM A 09 2012"]
[Site "Budapest"]
[Date "2012.09.08"]
[Round "8.2"]
[White "Maehrlein, Christoph"]
[Black "Bohus, Adam"]
[Result "0-1"]
[WhiteElo "2127"]
[BlackElo "1750"]
[PlyCount "88"]
[EventDate "2012.09.01"]

1. d4 d5 2. c4 dxc4 3. Nf3 a6 4. e3 Nf6 5. Bxc4 e6 6. O-O c5 7. Nc3 Nc6 8. Qe2
Qc7 9. Rd1 Bd6 10. h3 O-O 11. dxc5 Bxc5 12. e4 Ne5 13. Bb3 b5 14. Bg5 Nfd7 15.
Nd4 Qb6 16. Be3 Nf6 17. f4 Nc6 18. Qf2 Bb7 19. e5 Nd7 20. Nce2 Na5 21. Rac1
Nxb3 22. axb3 Qd8 23. Nc6 Bxe3 24. Qxe3 Qb6 25. Ned4 Kh8 26. Rc3 Rac8 27. Rdc1
Rc7 28. b4 Rfc8 29. Kf2 Bxc6 30. Nxc6 Qxe3+ 31. Kxe3 Nb6 32. Ke4 Nd5 33. Rc5
Nxb4 34. Nxb4 Rxc5 35. Rxc5 Rxc5 36. Nxa6 Rc4+ 37. Ke3 Rc2 38. b4 Rc4 39. h4
Kg8 40. g4 Kf8 41. g5 g6 42. Kf3 Ke7 43. Kg4 Kd7 44. Nc5+ Rxc5 0-1

[Event "First Saturday FM A 09 2012"]
[Site "Budapest"]
[Date "2012.09.08"]
[Round "8.5"]
[White "Trajber, Csaba Dr"]
[Black "Faellman, Micael"]
[Result "1/2-1/2"]
[WhiteElo "2018"]
[BlackElo "2059"]
[PlyCount "50"]
[EventDate "2012.09.01"]

1. e4 e5 2. Nf3 Nc6 3. d4 exd4 4. Nxd4 Nf6 5. Nxc6 bxc6 6. e5 Qe7 7. Qe2 Nd5 8.
c4 Nb6 9. b3 a5 10. g3 a4 11. Bb2 axb3 12. axb3 Rxa1 13. Bxa1 Qb4+ 14. Nd2 Qa3
15. Qd1 Bb4 16. Bd3 Qa5 17. Ke2 d6 18. f4 O-O 19. Nf3 dxe5 20. fxe5 Nd7 21. Qc2
h6 22. Bd4 c5 23. Ba1 Bb7 24. Rd1 Qa8 25. Nh4 Re8 1/2-1/2

[Event "First Saturday FM A 09 2012"]
[Site "Budapest"]
[Date "2012.09.09"]
[Round "9.2"]
[White "Faellman, Micael"]
[Black "Darazs, Zoltan"]
[Result "1/2-1/2"]
[WhiteElo "2059"]
[BlackElo "2137"]
[PlyCount "20"]
[EventDate "2012.09.01"]

1. d4 Nf6 2. Nf3 g6 3. c4 Bg7 4. Nc3 d5 5. Bg5 Ne4 6. Bh4 c5 7. cxd5 Nxc3 8.
bxc3 Qxd5 9. e3 Nc6 10. Be2 cxd4 1/2-1/2

[Event "First Saturday FM A 09 2012"]
[Site "Budapest"]
[Date "2012.09.09"]
[Round "9.3"]
[White "Hilbenz, Guntram Dr"]
[Black "Trajber, Csaba Dr"]
[Result "1/2-1/2"]
[WhiteElo "1924"]
[BlackElo "2018"]
[PlyCount "66"]
[EventDate "2012.09.01"]

1. c4 e5 2. g3 Nf6 3. Bg2 d5 4. cxd5 Nxd5 5. Nf3 Nc6 6. O-O Nb6 7. d3 Be7 8. b3
Be6 9. Bb2 f6 10. Nbd2 Qd7 11. a3 a5 12. Rc1 O-O 13. Ne4 Bh3 14. Nc5 Bxc5 15.
Rxc5 Bxg2 16. Kxg2 Rfd8 17. Qc2 Qf7 18. Rc1 Rd5 19. Nd2 Rad8 20. Ne4 f5 21.
Rxc6 bxc6 22. Ng5 Qe7 23. f4 h6 24. Nf3 e4 25. Ne5 c5 26. Nc6 Qd7 27. Nxd8 Qxd8
28. dxe4 fxe4 29. Qxe4 Rd2 30. Qe5 Qd5+ 31. Kf2 Qf7 32. Bc3 Rd5 33. Qe4 Rh5
1/2-1/2

[Event "First Saturday FM A 09 2012"]
[Site "Budapest"]
[Date "2012.09.09"]
[Round "9.5"]
[White "Bohus, Adam"]
[Black "Krstulovic, Alex"]
[Result "0-1"]
[WhiteElo "1750"]
[BlackElo "1843"]
[PlyCount "64"]
[EventDate "2012.09.01"]

1. d4 Nf6 2. c4 e6 3. Nc3 Bb4 4. a3 Bxc3+ 5. bxc3 c5 6. e3 b6 7. Bd3 Bb7 8. f3
Nc6 9. Ne2 O-O 10. e4 Ne8 11. O-O Na5 12. Ng3 Nd6 13. Qe2 cxd4 14. e5 Nf5 15.
Nxf5 exf5 16. cxd4 Nb3 17. Rb1 Nxd4 18. Qe3 Ne6 19. Bxf5 Qc7 20. Bxe6 dxe6 21.
Bd2 Qxc4 22. Rfc1 Qd5 23. Bb4 Rfd8 24. Bd6 Rac8 25. Rd1 Qc6 26. Rbc1 Qa4 27.
Rb1 Rc2 28. Rd4 Qc6 29. Rbd1 Qc3 30. Qf4 Qb2 31. Qg3 Rc1 32. R4d2 Qxd2 0-1

[Event "First Saturday FM A 09 2012"]
[Site "Budapest"]
[Date "2012.09.09"]
[Round "9.6"]
[White "Juracsik, Jozsef"]
[Black "Maehrlein, Christoph"]
[Result "1/2-1/2"]
[WhiteElo "2149"]
[BlackElo "2127"]
[PlyCount "25"]
[EventDate "2012.09.01"]

1. e4 e5 2. Nf3 Nc6 3. Bb5 a6 4. Ba4 Nf6 5. O-O Be7 6. d3 b5 7. Bb3 d6 8. c3
O-O 9. a4 Rb8 10. axb5 axb5 11. Re1 h6 12. Nbd2 Bd7 13. Nf1 1/2-1/2

[Event "First Saturday FM A 09 2012"]
[Site "Budapest"]
[Date "2012.09.10"]
[Round "10.1"]
[White "Pogats, Jozsef Jr"]
[Black "Maehrlein, Christoph"]
[Result "0-1"]
[WhiteElo "1808"]
[BlackElo "2127"]
[PlyCount "93"]
[EventDate "2012.09.01"]

1. e4 d6 2. d4 Nf6 3. Nc3 g6 4. Nf3 Bg7 5. Be2 O-O 6. O-O Nc6 7. Be3 Bg4 8. Qd2
Re8 9. d5 Nb8 10. h3 Bxf3 11. Bxf3 c5 12. Be2 a6 13. a4 e6 14. dxe6 Rxe6 15.
Bxc5 Nc6 16. Be3 Nxe4 17. Nxe4 Rxe4 18. c3 Qa5 19. Bf3 Rxa4 20. Rxa4 Qxa4 21.
Qxd6 Qb5 22. Bxc6 bxc6 23. Qd2 a5 24. Bd4 Rd8 25. Qf4 Bxd4 26. cxd4 Qxb2 27.
Rd1 Rd5 28. Qe4 Qb6 29. Rb1 Qd8 30. Rb7 Kg7 31. Re7 Qd6 32. g3 Rxd4 33. Qe5+
Qxe5 34. Rxe5 a4 35. Rc5 a3 36. Rxc6 Ra4 37. Rc1 Kf6 38. Kf1 a2 39. Ra1 Ke5 40.
Ke2 Kd4 41. Kd2 Kc4 42. Kc2 h5 43. h4 Ra8 44. Kb2 Kd3 45. Kb3 Ke2 46. f4 Kf2
47. Kc4 0-1

[Event "First Saturday FM A 09 2012"]
[Site "Budapest"]
[Date "2012.09.10"]
[Round "10.2"]
[White "Krstulovic, Alex"]
[Black "Juracsik, Jozsef"]
[Result "0-1"]
[WhiteElo "1843"]
[BlackElo "2149"]
[PlyCount "68"]
[EventDate "2012.09.01"]

1. d4 Nf6 2. c4 g6 3. Nc3 Bg7 4. e4 d6 5. Be2 O-O 6. Bg5 c6 7. f3 a6 8. Qd2 b5
9. a3 Bb7 10. Nh3 Nbd7 11. Nf2 e5 12. d5 Nc5 13. Qc2 h6 14. Be3 cxd5 15. cxd5
Rc8 16. O-O Nh5 17. Nd3 Nxd3 18. Bxd3 Nf4 19. Rac1 Qd7 20. Qd2 f5 21. Bxf4 exf4
22. Qxf4 Bd4+ 23. Kh1 g5 24. Qd2 f4 25. Qe2 Qg7 26. a4 b4 27. Nb1 a5 28. Rxc8
Bxc8 29. b3 g4 30. Nd2 Be3 31. Nc4 Bc5 32. Nxa5 gxf3 33. gxf3 Bh3 34. Re1 Kh8
0-1

[Event "First Saturday FM A 09 2012"]
[Site "Budapest"]
[Date "2012.09.10"]
[Round "10.3"]
[White "Letay, Gyula"]
[Black "Bohus, Adam"]
[Result "0-1"]
[WhiteElo "1996"]
[BlackElo "1750"]
[PlyCount "83"]
[EventDate "2012.09.01"]

1. e4 e5 2. Nf3 Nc6 3. Bc4 Bc5 4. c3 Nf6 5. Qe2 d6 6. h3 O-O 7. b4 Bb6 8. a4 a6
9. d3 Ne7 10. Bg5 Ng6 11. Nh4 Nxh4 12. Bxh4 c6 13. Bb3 Re8 14. a5 Ba7 15. Nd2
d5 16. O-O d4 17. c4 c5 18. b5 Bb8 19. b6 Qd6 20. Ba4 Re6 21. Bg3 Qe7 22. f4
exf4 23. Bxf4 Bxf4 24. Rxf4 Bd7 25. Bc2 Bc6 26. Raf1 Rf8 27. Bd1 Nd7 28. Nf3
Ne5 29. Nh4 g6 30. Qd2 Qg5 31. Nf3 Nxf3+ 32. R1xf3 Bd7 33. Qf2 Qe7 34. g4 Kg7
35. Qg3 Qg5 36. h4 Qe5 37. Kg2 Re7 38. g5 Be6 39. Rxf7+ Bxf7 40. Qf2 Ree8 41.
Rf6 Be6 42. Bf3 0-1

[Event "First Saturday FM A 09 2012"]
[Site "Budapest"]
[Date "2012.09.10"]
[Round "10.6"]
[White "Langer, Christian"]
[Black "Faellman, Micael"]
[Result "1/2-1/2"]
[WhiteElo "2129"]
[BlackElo "2059"]
[PlyCount "91"]
[EventDate "2012.09.01"]

1. g3 c5 2. Bg2 Nc6 3. c4 g6 4. Nc3 Bg7 5. a3 d6 6. Rb1 a5 7. Nf3 e5 8. d3 Nge7
9. Nd2 O-O 10. Nf1 Rb8 11. Ne3 h6 12. Ned5 Kh7 13. Bd2 Bg4 14. b4 axb4 15. axb4
cxb4 16. Nxb4 Nxb4 17. Rxb4 Nc6 18. Rb1 Qd7 19. O-O Bh3 20. Nd5 Bxg2 21. Kxg2
Ne7 22. Nxe7 Qxe7 23. Rb5 e4 24. Qc2 Rfe8 25. Rfb1 exd3 26. exd3 Qd7 27. Be3
Re5 28. Qd1 Rxb5 29. Rxb5 Re8 30. Qf3 Re7 31. Rb6 Qc7 32. Rb5 Rd7 33. h4 Qc6
34. Rd5 h5 35. Bg5 Kg8 36. Ra5 Qxf3+ 37. Kxf3 f6 38. Bf4 Kf7 39. Rb5 Bf8 40.
Bd2 Be7 41. Bc3 Ke6 42. Ke2 Bf8 43. Bd2 Be7 44. Be3 Bf8 45. f3 f5 46. Bg5
1/2-1/2